100 người đàn ông có ảnh hưởng đến lịch sử Trung Quốc ( Sách tham khảo )
সংরক্ষণ করুন:
| প্রধান লেখক: | |
|---|---|
| বিন্যাস: | গ্রন্থ |
| ভাষা: | Undetermined |
| প্রকাশিত: |
Hà Nội
Chính trị Quốc gia
2005
|
| বিষয়গুলি: | |
| ট্যাগগুলো: |
ট্যাগ যুক্ত করুন
কোনো ট্যাগ নেই, প্রথমজন হিসাবে ট্যাগ করুন!
|
| Thư viện lưu trữ: | Trung tâm Học liệu Trường Đại học Cần Thơ |
|---|
| LEADER | 00672nam a2200205Ia 4500 | ||
|---|---|---|---|
| 001 | CTU_101546 | ||
| 008 | 210402s9999 xx 000 0 und d | ||
| 020 | |c 110000 | ||
| 082 | |a 951 | ||
| 082 | |b L250 | ||
| 100 | |a Tiêu Lê | ||
| 245 | 0 | |a 100 người đàn ông có ảnh hưởng đến lịch sử Trung Quốc ( Sách tham khảo ) | |
| 245 | 0 | |c Tiêu Lê, Mã Ngọc Chu và Lã Diên Đào; Nguyễn Thanh Hà biên dịch | |
| 260 | |a Hà Nội | ||
| 260 | |b Chính trị Quốc gia | ||
| 260 | |c 2005 | ||
| 650 | |a china | ||
| 650 | |x history | ||
| 904 | |i Minh | ||
| 980 | |a Trung tâm Học liệu Trường Đại học Cần Thơ | ||